| 000 | 00000nam##2200000za#4500 |
| 001 | 9.599844 |
| 003 | CaOODSP |
| 005 | 20240501092931 |
| 007 | cr ||||||||||| |
| 008 | 150406|2007||||xxc|||||o f|0| 0 fre|d |
| 040 | |aCaOODSP|bfre |
| 043 | |an-cn--- |
| 086 | 1 |aPS83-3/198F-PDF |
| 110 | 2 |aService correctionnel Canada. |
| 245 | 10|aLes femmes et la violence : |h[ressource électronique]|bthéorie, risque et conséquences pour le traitement / |c[par] Shauna Bottos. |
| 260 | |bService correctionnel Canada |cJuillet 2007. |
| 300 | |a42p.|bréférences, tableau |
| 490 | 1 |aRapport de recherche|vR-198 |
| 590 | |a11-01-Supp|b2011-01-11 |
| 720 | 1 |aBottos, Shauna |
| 775 | 08|tWomen and violence : |w(CaOODSP)9.568570 |
| 830 | #0|aRapport de recherche (Service correctionnel Canada. Direction de la recherche)|vR-198|w(CaOODSP)9.502465 |
| 856 | 40|ahttp://publications.gc.ca|qPDF|s161 Ko|uhttps://publications.gc.ca/collections/collection_2010/scc-csc/PS83-3-198-fra.pdf|yR-198 |